Das Buch der hèangenden Gèarten : for voice and piano : op. 15 /

Bibliographic Details
Main Author: Schoenberg, Arnold, 1874-1951
Other Authors: George, Stefan, 1868-1933
Format: Musical Score Book
Language:German
Published: Boca Raton, Fla. : Masters Music Publications, 1991.
Series:Master vocal series.
Subjects:

MARC

Tag First Indicator Second Indicator Subfields
LEADER 00000ccm a2200000Ia 4500
001 in00002425013
005 20151109170059.0
008 910312r19911914flusga d n ger d
019 |a 25725510 
020 |c $7.95 
028 3 2 |a M 1740  |b Masters Music Publications 
035 |a (OCoLC)ocm23233612 
035 |a (OCoLC)23233612  |z (OCoLC)25725510 
040 |a WEL  |c WEL  |d CIN  |d OCLCG  |d UtOrBLW 
041 0 |a ger  |e ger 
045 2 |b d1908  |b d1909 
048 |a vh01  |a ka01 
049 |a TXAM 
090 |a M1621  |b .S28 op.15 1991 
100 1 |a Schoenberg, Arnold,  |d 1874-1951. 
245 1 4 |a Das Buch der hèangenden Gèarten :  |b for voice and piano : op. 15 /  |c Arnold Schoenberg ; [text] by Stefan George. 
264 1 |a Boca Raton, Fla. :  |b Masters Music Publications,  |c 1991. 
300 |a 1 score (37 pages) ;  |c 31 cm. 
336 |a notated music  |b ntm  |2 rdacontent 
337 |a unmediated  |b n  |2 rdamedia 
338 |a volume  |b nc  |2 rdacarrier 
490 1 |a Master vocal series 
500 |a German words; also printed as text: pages [1-2]. 
500 |a Reprint. Originally published: Wien : Universal-Edition, 1914. 
650 0 |a Songs (High voice) with piano. 
600 1 0 |a George, Stefan,  |d 1868-1933  |v Musical settings. 
700 1 |a George, Stefan,  |d 1868-1933. 
830 0 |a Master vocal series. 
948 |a cataloged  |b h  |c 2008/11/18  |d c  |e bhartsfi  |f 10:47:36 am 
994 |a C0  |b TXA 
999 |a MARS 
999 f f |s 187641c1-711b-3dfb-8cc5-77951fc050ba  |i 330a01cb-5cd0-3042-b5f7-fd8bf3b59bd7  |t 0 
952 f f |p ric  |a Texas A&M University  |b Rellis Campus  |c Joint Library Facility  |d Remote Storage  |t 0  |e M1621 .S28 op.15 1991  |h Library of Congress classification  |i unmediated -- volume  |m A14837529448 
998 f f |a M1621 .S28 op.15 1991  |t 0  |l Remote Storage